000 00468nam a2200181Ia 4500
001 11342
005 20260306162821.0
008 260306t2011||||xx |||||||||||||| ||spa||
041 _aESP
082 _a985.033
_bCH243
100 _aCheesman, Roxanne,
_eAUT
245 0 _aEl Perú de Lequanda :
_beconomía y comercio a fines del siglo XVIII
260 _c2011
300 _a717 páginas :
_c20 cm.
650 _aGEN
654 _aCHU
942 _cLIB
_dJUS
_fJUS
_2ddc
_n
999 _c11342
_d11342